|
|
|
|
| LEADER |
01350nam a2200277 u 4500 |
| 001 |
10118145 |
| 003 |
GR-PaULI |
| 005 |
20250217121851.0 |
| 008 |
151102s2020 gr a 1 0 gre |
| 952 |
|
|
|0 0
|1 0
|2 ddc
|4 0
|6 939_440000000000000_WOO
|7 0
|9 359478
|a LISP
|b LISP
|c BSC
|d 2022-04-29
|i 256744
|l 2
|o 939.44 WOO
|p 025000292370
|r 2024-09-16 16:20:32
|s 2024-06-25
|t 1
|w 2022-04-29
|y BK15
|
| 999 |
|
|
|c 210114
|d 210114
|
| 020 |
|
|
|a 9789605245658
|
| 040 |
|
|
|a GR-PaULI
|c GR-PaULI
|b gre
|e AACR2
|
| 041 |
1 |
|
|a gre
|h eng
|
| 082 |
0 |
4 |
|a 939.44
|2 23
|
| 100 |
1 |
|
|9 191573
|a Woolmer, Mark
|e συγγραφέας
|
| 245 |
1 |
0 |
|a Φοίνικες :
|b ιστορία και πολιτισμός : μια εισαγωγή /
|c Mark Woolmer ; μετάφραση Μαρία Παπαηλιάδη.
|
| 260 |
|
|
|a Ηράκλειο :
|b Πανεπιστημιακές Εκδόσεις Κρήτης,
|c 2020.
|
| 300 |
|
|
|a xxx, 348 σ. :
|b εικ., χάρτες ;
|c 23 εκ.
|
| 500 |
|
|
|a Τίτλος πρωτοτύπου: "A short history of the Phoenicians".
|
| 504 |
|
|
|a Περιλαμβάνει βιβλιογραφία (σ. 333-337) και ευρετήριο.
|
| 650 |
|
4 |
|9 128011
|a Φοίνικες
|x Ιστορία
|
| 700 |
1 |
|
|a Παπαηλιάδη, Μαρία
|e μεταφράστρια
|9 43009
|
| 765 |
0 |
|
|t A short history of the Phoenicians
|
| 942 |
|
|
|2 ddc
|c BK
|
| 998 |
|
|
|c ΓΚΟΓΚΟΥ
|d 2022-04
|